Fill In All World Countries According to Capitals - Statistics

General Stats
  • This quiz has been taken 15 times
  • The average score is 162 of 196
Answers on the Map
Answers color-coded by a green-red scale on the quiz's map according to % correct below.
 
Answer Stats
Country % Correct
Afghanistan
100%
Albania
100%
Algeria
100%
Andorra
100%
Austria
100%
Azerbaijan
100%
Bahamas
100%
Bangladesh
100%
Barbados
100%
Belgium
100%
Bosnia and Herzegovina
100%
Bulgaria
100%
Canada
100%
China
100%
Croatia
100%
Czech Republic
100%
Denmark
100%
East Timor
100%
Egypt
100%
France
100%
Germany
100%
Greece
100%
Guatemala
100%
Haiti
100%
Hungary
100%
India
100%
Indonesia
100%
Iran
100%
Iraq
100%
Ireland
100%
Israel
100%
Italy
100%
Japan
100%
Jordan
100%
Kuwait
100%
Latvia
100%
Luxembourg
100%
Mexico
100%
Monaco
100%
Morocco
100%
Netherlands
100%
Norway
100%
Pakistan
100%
Panama
100%
Poland
100%
Portugal
100%
Romania
100%
Russia
100%
Saint Kitts and Nevis
100%
Saint Lucia
100%
San Marino
100%
Saudi Arabia
100%
Singapore
100%
South Africa
100%
South Korea
100%
Spain
100%
Sweden
100%
Switzerland
100%
Syria
100%
Thailand
100%
Turkey
100%
Ukraine
100%
United Arab Emirates
100%
United Kingdom
100%
United States
100%
Vatican City
100%
Vietnam
100%
Yemen
100%
Argentina
86%
Australia
86%
Belarus
86%
Belize
86%
Bolivia
86%
Brazil
86%
Brunei
86%
Cambodia
86%
Chile
86%
Colombia
86%
Cuba
86%
Cyprus
86%
Dominica
86%
Dominican Republic
86%
Ecuador
86%
Estonia
86%
Fiji
86%
Finland
86%
Georgia
86%
Guinea
86%
Guinea-Bissau
86%
Iceland
86%
Jamaica
86%
Kazakhstan
86%
Kosovo
86%
Laos
86%
Lithuania
86%
Malaysia
86%
Maldives
86%
Malta
86%
Moldova
86%
Mongolia
86%
Nepal
86%
New Zealand
86%
Nicaragua
86%
North Korea
86%
North Macedonia
86%
Oman
86%
Paraguay
86%
Peru
86%
Philippines
86%
Qatar
86%
Sao Tome and Principe
86%
Senegal
86%
Seychelles
86%
Slovakia
86%
Slovenia
86%
Sri Lanka
86%
Suriname
86%
Taiwan
86%
Tunisia
86%
Uruguay
86%
Vanuatu
86%
Venezuela
86%
Zimbabwe
86%
Antigua and Barbuda
71%
Armenia
71%
Bahrain
71%
Bhutan
71%
Botswana
71%
Cape Verde
71%
Chad
71%
Costa Rica
71%
Sierra Leone
71%
Djibouti
71%
El Salvador
71%
Gambia
71%
Ghana
71%
Grenada
71%
Guyana
71%
Honduras
71%
Kenya
71%
Lebanon
71%
Libya
71%
Liechtenstein
71%
Madagascar
71%
Mali
71%
Marshall Islands
71%
Mauritius
71%
Montenegro
71%
Mozambique
71%
Myanmar
71%
Niger
71%
Papua New Guinea
71%
Rwanda
71%
Saint Vincent and the Grenadines
71%
Samoa
71%
Serbia
71%
Solomon Islands
71%
Somalia
71%
Sudan
71%
Tajikistan
71%
Tanzania
71%
Togo
71%
Tonga
71%
Turkmenistan
71%
Tuvalu
71%
Uzbekistan
71%
Zambia
71%
Angola
57%
Cameroon
57%
Central African Republic
57%
Democratic Republic of the Congo
57%
Equatorial Guinea
57%
Eritrea
57%
Eswatini
57%
Ethiopia
57%
Federated States of Micronesia
57%
Gabon
57%
Ivory Coast
57%
Kiribati
57%
Kyrgyzstan
57%
Lesotho
57%
Liberia
57%
Malawi
57%
Mauritania
57%
Namibia
57%
Nigeria
57%
Palau
57%
Republic of the Congo
57%
South Sudan
57%
Trinidad and Tobago
57%
Benin
43%
Burkina Faso
43%
Burundi
43%
Comoros
43%
Nauru
43%
Uganda
43%
No matching quizzes found
Score Distribution
Percent of People with Each Score
Percentile by Number Answered
Your Score History
You have not taken this quiz